000 00451nam a2200169Ia 4500
008 180921t1994 xxu||||| |||| 00| 0 eng d
041 _aeng
080 _a572
_bFOR
100 _aFord, Richard I.
245 4 _aThe nature and status of ethnobotany
260 _bAnn arbor
_aMichigan
_c1994
300 _a428p., ill., 22 cm
650 _aEpistemology
_aPaleoethnobotany
942 _cBK
999 _c17630
_d17630
003 LK-CoDNM
040 _aLK-CoDNM
_dLK-CoDNM
_eLK-CoDNM